| 000 | 00522nam a2200193Ia 4500 | ||
|---|---|---|---|
| 005 | 20260429112200.0 | ||
| 008 | 260429s9999||||xx |||||||||||||| ||und|| | ||
| 020 | _a9789389296419 | ||
| 041 | _aEnglish | ||
| 082 |
_a338.5 _bMOH |
||
| 100 | _aMohapatra, Rangalal | ||
| 245 | 0 |
_aMicroeconomics-I : _ban intuitive analysis / _cRangalal Mohapatra |
|
| 250 | _a1st ed. | ||
| 260 |
_aNew Delhi : _bManakin Press, _c2026. |
||
| 300 | _axxxi, 501 p.; pbk | ||
| 650 | _a Analysis | ||
| 650 | _aMicroeconomics | ||
| 942 | _cTB | ||
| 999 |
_c52769 _d52769 |
||